000 00256nam a2200097Ia 4500
082 _a635.0484 ROBE
245 0 _aOrganic kitchen garden
100 _a ROBERTS, Juliet London, 2009
_976816
942 _cBK
008 210817s9999 xx 000 0 und d
999 _c380553
_d380552